Los populismos latinoamericanos transfigurados /
Sábháilte in:
| Príomhchruthaitheoir: | |
|---|---|
| Formáid: | Téacs |
| Ábhair: | |
| Clibeanna: |
Cuir clib leis
Níl clibeanna ann, Bí ar an gcéad duine le clib a chur leis an taifead seo!
|
MARC
| LEADER | 00000 a a2200000 04500 | ||
|---|---|---|---|
| 001 | 10530 | ||
| 003 | |||
| 040 | |||
| 100 | |a Novaro, Marcos | ||
| 245 | |a Los populismos latinoamericanos transfigurados / |c Marcos Novaro | ||
| 650 | |a DEMOCRACIA | ||
| 650 | |a IDENTIDAD CULTURAL | ||
| 650 | |a MODERNIZACION | ||
| 650 | |a LIDERAZGO POLITICO | ||
| 650 | |a AFILIACION POLITICA | ||
| 650 | |a COLECTIVISMOS | ||
| 650 | |a INTEGRACION SOCIAL | ||
| 650 | |a CONCIENTIZACION | ||
| 650 | |a PARTICIPACION POLITICA | ||
| 650 | |a IDEOLOGIAS POLITICAS | ||
| 650 | |a PARTICIPACION SOCIAL | ||
| 650 | |a CAMBIO SOCIAL | ||
| 650 | |a ASPECTOS POLITICOS | ||
| 773 | |g número 144; páginas 90-103 | ||
| 999 | |c 21319 |d 21319 | ||
